La mythologie grecque - Les noms en P - Statistiques

Statistiques générales
  • Ce quiz a été pris 441 fois
  • Le résultat moyen est 15 sur 50
Statistiques - réponses
Indice Réponse % Correct
Dieu protecteur des bergers et des troupeaux Pan
95%
Elle a ouvert la mauvaise boîte Pandore
91%
Prince troyen ayant enlevé Hélène Pâris
87%
Femme d'Ulysse Pénélope
84%
Femme d'Hadès et reine des Enfers Perséphone
84%
Héros ayant terrassé Méduse Persée
83%
Frère jumeau de Castor Pollux
77%
Dieu de la mer et des séismes Poséidon
76%
Titan ayant donné le feu à l'humanité Prométhée
73%
Roi de Troie Priam
72%
Ami et amant d'Achille, mort durant la Guerre de Troie Patrocle
69%
Monture de Bellérophon Pégase
68%
Cyclope berné par Ulysse Polyphème
63%
Gigantesque serpent Python
56%
Femme de Minos ayant mis au monde le Minotaure Pasiphaé
49%
Fille du roi Minos et épouse de Thésée Phèdre
38%
Sculpteur amoureux de son oeuvre Pygmalion
34%
Divinité représentant la mer Noire, fils de Gaia Pontos
32%
Fille de Triton et amie d'Athéna, tuée accidentellement par celle-ci Pallas
30%
Père d'Achille Pélée
25%
Dieu de la richesse Ploutos
21%
Fille d'Asclépios ayant le pouvoir de guérir toutes les maladies Panacée
20%
Fils d'Hélios, chute en voulant conduire le char de son père Phaéton
15%
Fils de Pontos et Gaia, époux de Céto Phorcys
15%
L'un des fils d'Œdipe et de Jocaste Polynice
15%
L'un des chefs des géants Porphyrion
15%
Géant, fils de Gaia et Tartare Polybotès
12%
Fils que Tantale sert à manger aux dieux Pélops
10%
Fils d'Angénor, fondateur de la Phénicie Phénix
8%
Dieu de la fertilité Priape
8%
Divinité marine, fils d'Océan et Thétys Protée
8%
Roi d'Iolocos et oncle de Jason, qui l'envoie chercher la Toison d'or Pélias
7%
Élève et neveu de Dédale Perdix
7%
Thessalien ami d'Héraclès Philoctète
5%
Épouse d'Atlas, mère des Pléiades Pléioné
5%
Père adoptif d'Œdipe Polybe
5%
Ami inséparable d'Oreste Pylade
5%
Roi de Thèbes, mis en pièces par sa mère et d'autres femmes sous l'emprise de Dionysos Penthée
4%
Roi ayant combattu durant la guerre de Troie, haï d'Ulysse Palamède
3%
Voleur du chien d'or de Zeus, transformé en rocher pour le punir Pandaréos
3%
Fils de Lycaon, combat du côté des Troyens Pandaros
3%
Frère d'Hellé, emmené en Colchide par le bélier à la Toison d'or Phrixos
3%
Ami de Thésée, souverain ayant fait une descente aux Enfers dans l'espoir d'épouser Perséphone Pirithoos
3%
Roi ayant recueilli Danaé et son fils Polydectès
3%
Fils d'Oreste Penthilos
2%
Devin conseiller des Argonautes Phinée
2%
Troyenne aimée d'Achille Polyxène
2%
Dieu des songes Phantasos
1%
Princesse métamorphosée en rossignol Philomèle
1%
Premier Grec tué devant Troie Protésilas
1%
Aucun quiz correspondant
Distribution des résultats
% des personnes avec chaque résultat
Percentile par nombre de réponses
Votre historique - résultats
Vous n’avez pas pris ce quiz